000 00413nam a2200145Ia 4500
005 20251222152558.0
008 251222s9999||||xx |||||||||||||| ||spa||
020 _a9789972234156
082 _a333.716/A22
100 _aStaff de la Revista Actualidad Empresarial
245 0 _aBeneficios e Incentivos Tributarios Selva, Amazonía y Agro
250 _a1ra.ed.
264 _bPacifico Editores S.A.
942 _cLIB
999 _c26503
_d26503